| 000 | 00980cam a22002174a 4500 | ||
|---|---|---|---|
| 005 | 20250605163930.0 | ||
| 008 | 250528s ||||||||||||||||||||||||d | ||
| 035 | _a14642 | ||
| 020 | _a198524161 | ||
| 040 |
_aGR-AtMCL _bgre _dGR-AtMCL _eAACR2 |
||
| 245 | 1 | _aElectrophysiology of Mind / Event-Related Brain Potentials and Cognition | |
| 250 | _a1st | ||
| 260 |
_bOxford University Press, _c1996 |
||
| 300 | _a222 | ||
| 520 | _aThis book shows how the event-related brain potential technique can contribute to topics central to cognitive psychology. Event-Related Brain Potentials: An Introduction, The ERP and Cognitive Psychology: Conceptual Issues, Mechanisms and Models of Selective Attention, Mental Chronometry and the Study of Human Information Processing, ERP Studies of Memory, Event-Related Potentials and Language Comprehension, Index. | ||
| 700 | 1 |
_aColes Michael G.H _9373 |
|
| 700 | 1 |
_aRugg Michael D _9374 |
|
| 942 | _cBK | ||
| 999 |
_c266 _d266 |
||